Ekonomika sociálnych služieb

Bibliographic Details
Main Author: Korimová, Gabriela, 1951- (Author)
Format: Book
Language:Slovak
English
Published: Banská Bystrica Belianum Univerzita Mateja Bela, Ekonomická fakulta 2014
Edition:1. vyd.
Subjects:

MARC

LEADER 00000nam a2200000 a 4500
001 vtls010661200
003 SK-MaSNL
005 20260301035320.0
008 240315s2014 xo da f 000 0 slo
015 |a SNBA2015/04 
020 |a 9788055707419  |q (viaz.) 
035 |a urn:nbn:sk:snk-am00a04l 
035 |a urn:nbn:sk:snk-am3hbuy 
035 |a 21038891-741D-40AA-8700-5FC6AE867A34 
040 |a SNK  |b slo  |c SNK  |e AACR2 
041 0 |a slo  |a eng 
044 |a xo  |c SK 
072 7 |a 364-1/-7  |x Druhy sociálnej pomoci a služieb  |2 konspekt 
080 |a 364-7  |2 2001 
080 |a 33  |2 2001 
080 |a (048.8)  |2 2001 
100 1 |a Korimová, Gabriela,  |d 1951-  |4 aut  |9 217450 
245 1 0 |a Ekonomika sociálnych služieb  |c Gabriela Korimová, Jana Štrangfeldová 
246 1 1 |a Economics of social services 
250 |a 1. vyd. 
260 |a Banská Bystrica  |b Belianum  |b Univerzita Mateja Bela, Ekonomická fakulta  |c 2014 
300 |a 182, 175 s.  |b grafy, sch., tab.  |c 26 cm 
366 |e 100 výt. 
500 |a Zvratmo viazaný dokument má vlastné stránkovanie 
504 |a Bibliogr.: s. 169-182 ; bibliogr. odkazy 
650 0 7 |a sociálne služby  |2 SNKPH  |9 3721 
650 0 7 |a ekonomika  |2 SNKPH  |9 789 
650 0 7 |a Social service  |2 SNKPHeng  |9 267835 
650 0 7 |a Economics  |2 SNKPHeng  |9 265310 
655 7 |a monografie  |2 SNKPH  |9 70139 
655 7 |a Monographs  |2 SNKPHeng  |9 120675 
919 |a 978-80-557-0741-9 
958 |a NB 
999 |c 583721  |d 585651 
952 |a SNK  |b SNK  |y PREZ  |7 0  |p 17A1141344  |o snkSC 163699  |i snk2015/9171  |8 0  |0 0  |1 0  |4 0  |d 2015-03-16  |f 1  |l 0  |r 2025-08-27 00:00:00  |w 2026-02-23 
952 |a SNK  |b SNK  |y VYP  |7 0  |p 17A1141751  |o snkSC 163699 D1  |i snk2015/10008  |8 0  |0 0  |1 0  |4 0  |d 2015-03-23  |l 0  |r 2026-02-23 15:00:07  |w 2026-02-23